| 000 | 00942nam a22002775i 4500 | ||
|---|---|---|---|
| 999 |
_c27622 _d27593 |
||
| 003 | EG-ScBUE | ||
| 005 | 20190916105141.0 | ||
| 008 | 190916s2017 ii f b 001 0 eng d | ||
| 020 | _a9788131101995 | ||
| 040 |
_aEG-ScBUE _erda _beng _cEG-ScBUE _dEG-ScBUE |
||
| 082 | 0 | 4 |
_a820.9 _bDAS _222 |
| 100 | 1 |
_aDas, Krishan, _eauthor. |
|
| 245 | 1 | 0 |
_aPostmodernism and English literature / _cKrishan Das, Deepchand Patra. |
| 264 | 1 |
_aNew Delhi : _bCommonwealth Publishers, _c2017. |
|
| 300 |
_a262 pages ; _c22 cm. |
||
| 336 |
_atext _btxt _2rdacontent |
||
| 337 |
_aunmediated _bn _2rdamedia |
||
| 338 |
_avolume _bnc _2rdacarrier |
||
| 504 | _aIncludes bibliographical references and index. | ||
| 650 | 7 |
_aPostmodernism (Literature) _2BUEsh _939423 |
|
| 650 | 7 |
_aEnglish literature _xHistory and criticism. _2BUEsh _919770 |
|
| 653 |
_bHHUUEENN _cSeptember2019 |
||
| 655 | _vReading book | ||
| 700 | 1 |
_aPatra, Deepchand, _eauthor. |
|
| 942 |
_2ddc _cBB |
||